000 00223 a2200097 4500
001 38423
100 _aVears R
245 _aMicroelectronic systems
260 _aG Br
_bButter worth Heinmann
_c1996
090 _c24409
_d24409
942 _aNUST-CAE
_cM
_c16013
999 _c273496
_d273496